[Event "BLR-chT U18"]
[Site "Gomel"]
[Date "2024.03.02"]
[Round "3.6"]
[White "Karpyza, Sofya"]
[Black "Koishman, Karina"]
[Result "1-0"]
[WhiteElo "1600"]
[BlackElo "2000"]
[PlyCount "89"]
[EventDate "2024.03.01"]
[EventType "tourn"]
[EventRounds "7"]
[EventCountry "BLR"]
[SourceTitle "CB11_2024"]
[SourceDate "2024.03.13"]
[SourceVersion "1"]
[SourceVersionDate "2024.03.13"]
[SourceQuality "1"]

1. d4 Nf6 2. Nf3 e6 3. Bf4 d5 4. e3 c5 5. c3 Nc6 6. Bd3 Bd6 7. Bg3 0-0 8. Ne5 Qc7 9. Nxc6 Qxc6 10. Bxd6 Qxd6 11. Nd2 e5 12. 0-0 e4 13. dxc5 Qxc5 14. Nb3 Qd6 15. Be2 Bd7 16. Qd2 b5 17. Rfd1 Rfc8 18. Rac1 Qe7 19. Nd4 Qe8 20. Nc2 a5 21. Nd4 Rcb8 22. a3 Be6 23. b4 Qd7 24. Qb2 Bg4 25. Bxg4 Nxg4 26. Ne2 g5 27. Rd4 Ne5 28. Rcd1 Nd3 29. Qb3 Rd8 30. Nc1 Nxc1 31. Rxc1 a4 32. Qb2 Ra6 33. Rcd1 Rd6 34. Qd2 Qf5 35. Qe2 Qd7 36. Qd2 h5 37. f3 exf3 38. gxf3 f5 39. e4 fxe4 40. Qxg5+ Kh7 41. Kh1 Qh3 42. fxe4 Rg6 43. R4d3 dxe4 44. Qxg6+ Kxg6 45. Rg1+ 1-0